International encyclopaedia of education / (Record no. 17726)

MARC details
000 -LEADER
fixed length control field 033540000a22004090004500
008 - FIXED-LENGTH DATA ELEMENTS--GENERAL INFORMATION
fixed length control field 081031t xxu||||| |||| 00| 0 eng d
010 ## - LIBRARY OF CONGRESS CONTROL NUMBER
LC control number ENG-84392-406
020 ## - INTERNATIONAL STANDARD BOOK NUMBER
International Standard Book Number 813130132X
020 ## - INTERNATIONAL STANDARD BOOK NUMBER
Terms of availability 9500.00(Set of 15v.) (hb)
035 ## - SYSTEM CONTROL NUMBER
System control number EN-67925-939
082 ## - DEWEY DECIMAL CLASSIFICATION NUMBER
Classification number 370.3
100 ## - MAIN ENTRY--PERSONAL NAME
Personal name Mishra, R C
245 ## - TITLE STATEMENT
Title International encyclopaedia of education /
Statement of responsibility, etc by R C Mishra, Promila Sharma and Harish Bansal
260 ## - PUBLICATION, DISTRIBUTION, ETC. (IMPRINT)
Place of publication, distribution, etc New Delhi
Name of publisher, distributor, etc A P H Publishing
260 ## - PUBLICATION, DISTRIBUTION, ETC. (IMPRINT)
Date of publication, distribution, etc 2007
300 ## - PHYSICAL DESCRIPTION
Extent 15v.(240p;,338p.; 348p.; 338p.; 336p.; 310p.; 314p.; 323p.; 308p.; 297p.; 295p.; 272p.; 319p.; 283p.; 285p.))
Dimensions 22cm
500 ## - GENERAL NOTE
General note Includes bibliographical references and index
505 ## - FORMATTED CONTENTS NOTE
Formatted contents note v.1
700 ## - ADDED ENTRY--PERSONAL NAME
Personal name Bansal, Harish
Titles and other words associated with a name jt auth
700 ## - ADDED ENTRY--PERSONAL NAME
Personal name Sharma, Promila
Titles and other words associated with a name jt auth
942 ## - ADDED ENTRY ELEMENTS (KOHA)
Source of classification or shelving scheme Dewey Decimal Classification
Koha item type English Books
Classification part 370.3
Call number suffix MIS
Holdings
Withdrawn status Lost status Source of classification or shelving scheme Materials specified (bound volume or other part) Damaged status Not for loan Home library Current library Date acquired Cost, normal purchase price Total Checkouts Full call number Barcode Date last seen Copy number Cost, replacement price Price effective from Koha item type Public note
    Dewey Decimal Classification v.1   Not For Loan D.B.Act.Division D.B.Act.Division 02/03/2007 9500.00   370.3 MIS EN-67925 04/11/2008 1 9500.00 04/11/2008 English Books v.1
    Dewey Decimal Classification v.2   Not For Loan D.B.Act.Division D.B.Act.Division 31/10/2008 9500.00   370.3 MIS EN-67926 04/11/2008 1 9500.00 04/11/2008 English Books v.2
    Dewey Decimal Classification v.3   Not For Loan D.B.Act.Division D.B.Act.Division 31/10/2008 9500.00   370.3 MIS EN-67927 04/11/2008 1 9500.00 04/11/2008 English Books v.3
    Dewey Decimal Classification v.4   Not For Loan D.B.Act.Division D.B.Act.Division 31/10/2008 9500.00   370.3 MIS EN-67928 04/11/2008   9500.00 04/11/2008 English Books v.4
    Dewey Decimal Classification v.5   Not For Loan D.B.Act.Division D.B.Act.Division 31/10/2008 9500.00   370.3 MIS EN-67929 04/11/2008   9500.00 04/11/2008 English Books v.5
    Dewey Decimal Classification v.6   Not For Loan D.B.Act.Division D.B.Act.Division 31/10/2008 9500.00   370.3 MIS EN-67930 04/11/2008 1 9500.00 04/11/2008 English Books v.6
    Dewey Decimal Classification v.7   Not For Loan D.B.Act.Division D.B.Act.Division 31/10/2008 9500.00   370.3 MIS EN-67931 04/11/2008 1 9500.00 04/11/2008 English Books v.7
    Dewey Decimal Classification v.8   Not For Loan D.B.Act.Division D.B.Act.Division 31/10/2008 9500.00   370.3 MIS EN-67932 04/11/2008 1 9500.00 04/11/2008 English Books v.8
    Dewey Decimal Classification v.9   Not For Loan D.B.Act.Division D.B.Act.Division 31/10/2008 9500.00   370.3 MIS EN-67933 04/11/2008 1 9500.00 04/11/2008 English Books v.9
    Dewey Decimal Classification v.10   Not For Loan D.B.Act.Division D.B.Act.Division 31/10/2008 9500.00   370.3 MIS EN-67934 04/11/2008 1 9500.00 04/11/2008 English Books v.10
    Dewey Decimal Classification v.11   Not For Loan D.B.Act.Division D.B.Act.Division 31/10/2008 9500.00   370.3 MIS EN-67935 04/11/2008 1 9500.00 04/11/2008 English Books v.11
    Dewey Decimal Classification v.12   Not For Loan D.B.Act.Division D.B.Act.Division 31/10/2008 9500.00   370.3 MIS EN-67936 04/11/2008 1 9500.00 04/11/2008 English Books v.12
    Dewey Decimal Classification v.13   Not For Loan D.B.Act.Division D.B.Act.Division 31/10/2008 9500.00   370.3 MIS EN-67937 04/11/2008 1 9500.00 04/11/2008 English Books v.13
    Dewey Decimal Classification v.14   Not For Loan D.B.Act.Division D.B.Act.Division 31/10/2008 9500.00   370.3 MIS EN-67938 04/11/2008 1 9500.00 04/11/2008 English Books v.14
    Dewey Decimal Classification v.15   Not For Loan D.B.Act.Division D.B.Act.Division 31/10/2008 9500.00   370.3 MIS EN-67939 04/11/2008 1 9500.00 04/11/2008 English Books v.15

© Delhi Public Library
Hit Counter
free hit counter